English First-Class Cricket Counties Map Quiz - Statistics

General Stats
  • This quiz has been taken 112 times
  • The average score is 20 of 25
Answers on the Map
Answers color-coded by a green-red scale on the quiz's map according to % correct below.
 
Answer Stats
county % Correct
Sussex
88%
Sussex
88%
Surrey
86%
Yorkshire
86%
Yorkshire
86%
Yorkshire
86%
Yorkshire
86%
Lancashire
83%
Lancashire
83%
Lancashire
83%
Essex
82%
Kent
81%
Durham
78%
Hampshire
77%
Nottinghamshire
76%
Somerset
74%
Warwickshire
74%
Warwickshire
74%
Leicestershire
73%
Derbyshire
72%
Worcestershire
71%
Middlesex
70%
Gloucester
68%
Gloucestershire
68%
Northamptonshire
66%
No matching quizzes found
Score Distribution
Percent of People with Each Score
Percentile by Number Answered
Your Score History
You have not taken this quiz